[Event "GBR-ch86"]
[Site "Scarborough"]
[Date "1999.08.11"]
[Round "9.18"]
[White "Bin-Sattar, Reefat"]
[Black "Buckley, Simon"]
[Result "1/2-1/2"]
[WhiteElo "2377"]
[BlackElo "2216"]
[PlyCount "72"]
[EventDate "1999.08.02"]
[EventType "swiss"]
[EventRounds "11"]
[EventCountry "GBR"]

1. e4 e6 2. d4 d5 3. Nc3 Bb4 4. exd5 exd5 5. Bd3 Nc6 6. a3 Be7 7. Nge2 Bf6 8.
Be3 Nge7 9. O-O O-O 10. Ng3 Bxd4 11. Bxd4 Nxd4 12. Bxh7+ Kxh7 13. Qxd4 c6 14.
Qd3+ Kg8 15. f4 g6 16. Rae1 Nf5 17. Nce2 Qb6+ 18. Kh1 Qxb2 19. c3 Qb5 20. Qf3
c5 21. Qxd5 Ne3 22. Qg5 Nxf1 23. Rxf1 Bf5 24. Nxf5 Qxe2 25. Ng3 Qe3 26. h4 Rae8
27. h5 Qe7 28. Qg4 Qf6 29. f5 Re3 30. Rf4 Qxc3 31. Nf1 Re1 32. fxg6 fxg6 33.
Qxg6+ Qg7 34. Rxf8+ Kxf8 35. Qf5+ Qf7 36. Qxc5+ Kg8 1/2-1/2

[Event "GBR-ch86"]
[Site "Scarborough"]
[Date "1999.08.11"]
[Round "9.19"]
[White "Heidenfeld, Mark"]
[Black "Scannell, Stephen"]
[Result "1/2-1/2"]
[WhiteElo "2368"]
[BlackElo "2069"]
[PlyCount "102"]
[EventDate "1999.08.02"]
[EventType "swiss"]
[EventRounds "11"]
[EventCountry "GBR"]

1. e4 c6 2. d3 d5 3. Nd2 Qc7 4. g3 Nf6 5. Bg2 dxe4 6. dxe4 e5 7. h3 Be6 8. Ngf3
h6 9. O-O Nbd7 10. b3 Bd6 11. Qe2 Nb6 12. Bb2 O-O 13. Ne1 Nfd7 14. Rd1 a5 15.
Nd3 a4 16. f4 f6 17. Nf3 axb3 18. axb3 Ra2 19. fxe5 Nxe5 20. Nfxe5 Bxe5 21.
Bxe5 fxe5 22. Rxf8+ Kxf8 23. Rf1+ Kg8 24. Qh5 Qe7 25. Qxe5 Rxc2 26. Nf4 Rxg2+
27. Nxg2 Nd7 28. Qc3 Bxh3 29. Re1 Bxg2 30. Kxg2 Ne5 31. Rf1 Qe6 32. Rf5 Ng4 33.
Rf4 g5 34. Rf3 Qxe4 35. Qd3 Qxd3 36. Rxd3 Ne5 37. Re3 Ng6 38. Re6 Kf7 39. Rd6
h5 40. Rd7+ Ke6 41. Rg7 Kf6 42. Rxb7 h4 43. Rb6 Ne7 44. gxh4 gxh4 45. Rb4 Nf5
46. Re4 c5 47. Kh3 Nd6 48. Rxh4 Ke5 49. Kg2 Ne4 50. Rh3 Kd4 51. Kf1 c4 1/2-1/2

[Event "GBR-ch86"]
[Site "Scarborough"]
[Date "1999.08.11"]
[Round "9.20"]
[White "Shaw, Robert"]
[Black "Al-Rakib, Abdullah"]
[Result "1/2-1/2"]
[WhiteElo "2184"]
[BlackElo "2367"]
[PlyCount "115"]
[EventDate "1999.08.02"]
[EventType "swiss"]
[EventRounds "11"]
[EventCountry "GBR"]

1. e4 c6 2. d4 d5 3. exd5 cxd5 4. Bd3 Nc6 5. c3 Qc7 6. Nf3 Bg4 7. h3 Bh5 8. Be3
e6 9. Nbd2 Nf6 10. Qa4 Bd6 11. O-O O-O 12. Bg5 a6 13. Qc2 Bg6 14. Bxf6 gxf6 15.
Bxg6 hxg6 16. c4 dxc4 17. Qxc4 Nb4 18. Qb3 Qc2 19. Qxc2 Nxc2 20. Rac1 Rac8 21.
g3 Nb4 22. Ne4 Be7 23. a4 Nd3 24. Rc3 Nxb2 25. Rb3 Nxa4 26. Rxb7 Bd8 27. Kg2 f5
28. Nd6 Rc7 29. Ra1 Nc3 30. Rxa6 Rxb7 31. Nxb7 Be7 32. Ne5 Nb5 33. Nf3 Bf6 34.
Ra4 Rb8 35. Nc5 Rd8 36. Nb3 Rc8 37. Rb4 Nd6 38. Nc5 Ra8 39. Nd7 Kg7 40. Rb2 Be7
41. Rc2 Rc8 42. Rxc8 Nxc8 43. Kf1 Nd6 44. Ke2 Ne4 45. Nd2 Nc3+ 46. Kd3 Nd5 47.
Nc4 Bd8 48. Ne3 Nxe3 49. Kxe3 f6 50. f3 Kf7 51. g4 fxg4 52. hxg4 Ke7 53. Nc5
Bb6 54. Na4 Ba7 55. Ke4 f5+ 56. gxf5 gxf5+ 57. Kd3 Kd6 58. Nc3 1/2-1/2

[Event "GBR-ch86"]
[Site "Scarborough"]
[Date "1999.08.11"]
[Round "9.21"]
[White "Broomfield, Matthew"]
[Black "Knott, Simon"]
[Result "1-0"]
[WhiteElo "2164"]
[BlackElo "2348"]
[PlyCount "105"]
[EventDate "1999.08.02"]
[EventType "swiss"]
[EventRounds "11"]
[EventCountry "GBR"]

1. d4 Nf6 2. Nf3 g6 3. g3 Bg7 4. Bg2 O-O 5. O-O d5 6. c4 Nc6 7. Nc3 dxc4 8. Bf4
a6 9. Rc1 Rb8 10. d5 Na7 11. Qd4 Nb5 12. Qxc4 Nd6 13. Qd4 e6 14. Be5 Bd7 15.
Rfd1 Nfe8 16. Bxg7 Nxg7 17. e4 Nb5 18. Nxb5 Bxb5 19. Qc3 exd5 20. Rxd5 Qe8 21.
Ne5 Qe6 22. Rcd1 Bc6 23. Nxc6 bxc6 24. Ra5 Rb6 25. b4 Qe7 26. a3 Ne6 27. Bf1
Rd8 28. Rxd8+ Qxd8 29. Bxa6 Qd1+ 30. Bf1 Rb8 31. Qxc6 Rd8 32. Rd5 Rxd5 33. Qxd5
Nd4 34. h4 c6 35. Qc4 g5 36. Qd3 Nf3+ 37. Kh1 Nd2 38. Kg2 gxh4 39. gxh4 Kf8 40.
Be2 Qe1 41. h5 h6 42. e5 Kg7 43. Qg3+ Kf8 44. Qe3 Kg7 45. e6 fxe6 46. Qxe6 Qc1
47. Qg6+ Kf8 48. Qxh6+ Ke7 49. Qe3+ Kd6 50. h6 Qb2 51. Qf4+ Ke7 52. Qg5+ Kd6
53. h7 1-0

[Event "GBR-ch86"]
[Site "Scarborough"]
[Date "1999.08.11"]
[Round "9.23"]
[White "Aikhoje, Odion"]
[Black "Storey, Charles H"]
[Result "1-0"]
[WhiteElo "2341"]
[BlackElo "2211"]
[PlyCount "111"]
[EventDate "1999.08.02"]
[EventType "swiss"]
[EventRounds "11"]
[EventCountry "GBR"]

1. Nf3 c5 2. c4 g6 3. g3 Bg7 4. Nc3 Nc6 5. Bg2 d6 6. d3 e5 7. Rb1 f5 8. a3 h6
9. Nd5 Nge7 10. Nd2 O-O 11. b4 cxb4 12. axb4 g5 13. b5 Nd4 14. Nb3 Nxd5 15.
Bxd5+ Kh8 16. h4 Nxb3 17. Rxb3 g4 18. Bg5 Qc7 19. b6 axb6 20. Be3 Ra6 21. Qb1
f4 22. Bxb6 Rxb6 23. Rxb6 e4 24. gxf4 Bc3+ 25. Kf1 Bd4 26. Rb2 g3 27. Bxe4 Qg7
28. Rxb7 Bxb7 29. Qxb7 Qxb7 30. Bxb7 Rxf4 31. f3 Bf2 32. Kg2 Kg7 33. e3 Rf7 34.
Bd5 Ra7 35. f4 Ra2 36. Kf3 Rb2 37. h5 Kf6 38. Ra1 Kg7 39. Ra7+ Kh8 40. Be4 g2
41. Rh7+ Kg8 42. Kxg2 Bxe3+ 43. Kf3 Bc5 44. Rxh6 Rf2+ 45. Kg3 Rf1 46. Rg6+ Kf7
47. Bd5+ Ke7 48. Rg7+ Kf8 49. Rf7+ Ke8 50. h6 Rg1+ 51. Kf3 Rh1 52. h7 Bd4 53.
Ke4 Bc3 54. d4 Ba1 55. Ra7 Re1+ 56. Kd3 1-0

[Event "GBR-ch86"]
[Site "Scarborough"]
[Date "1999.08.11"]
[Round "9.24"]
[White "Naylor, John"]
[Black "Pert, Richard G"]
[Result "1-0"]
[WhiteElo "2233"]
[BlackElo "2308"]
[PlyCount "107"]
[EventDate "1999.08.02"]
[EventType "swiss"]
[EventRounds "11"]
[EventCountry "GBR"]

1. e4 c5 2. Nf3 d6 3. d4 cxd4 4. Nxd4 Nf6 5. Nc3 g6 6. Be3 Bg7 7. f3 O-O 8. Qd2
Nc6 9. O-O-O d5 10. Kb1 Nxd4 11. e5 Nf5 12. exf6 Bxf6 13. Nxd5 Qxd5 14. Qxd5
Nxe3 15. Qd2 Nxd1 16. Qxd1 Be6 17. Bd3 Rfd8 18. Qe1 a5 19. g4 Rd6 20. h4 a4 21.
a3 Rb6 22. c3 Rc8 23. Qf2 Rb3 24. Bc2 Rcxc3 25. Bxb3 Rxb3 26. Rd1 h5 27. g5
Rxb2+ 28. Qxb2 Bxb2 29. Kxb2 f6 30. f4 fxg5 31. fxg5 Kf7 32. Kc3 Bb3 33. Re1 b5
34. Kb4 Bc4 35. Re5 Bd3 36. Re3 Bc4 37. Kc5 Ke8 38. Kc6 Bf1 39. Re5 Kd8 40.
Rd5+ Ke8 41. Rxb5 Bxb5+ 42. Kxb5 Kd7 43. Kxa4 Ke6 44. Kb4 Kf5 45. Kc3 Kg4 46.
a4 Kxh4 47. a5 Kxg5 48. a6 Kf4 49. a7 g5 50. a8=Q h4 51. Kd3 h3 52. Ke2 g4 53.
Qf8+ Kg3 54. Qf2# 1-0

[Event "GBR-ch86"]
[Site "Scarborough"]
[Date "1999.08.11"]
[Round "9.27"]
[White "Houska, Jovanka"]
[Black "Sugden, John"]
[Result "1-0"]
[WhiteElo "2251"]
[BlackElo "2241"]
[PlyCount "69"]
[EventDate "1999.08.02"]
[EventType "swiss"]
[EventRounds "11"]
[EventCountry "GBR"]

1. e4 c6 2. d4 d5 3. e5 Bf5 4. Nf3 e6 5. Be2 Nd7 6. O-O h5 7. b3 Be7 8. c4 Nh6
9. Na3 g5 10. Nc2 g4 11. Nfe1 Bg5 12. Ne3 Rg8 13. f3 Nf8 14. cxd5 cxd5 15. Nxf5
exf5 16. Nd3 Ne6 17. Nc5 Qb6 18. Bxg5 Rxg5 19. Qd2 Rg6 20. Rac1 Rd8 21. a4 Nxc5
22. Rxc5 Kf8 23. a5 Qxb3 24. Rb5 Qa3 25. Rxb7 Kg7 26. fxg4 hxg4 27. Bd3 Qa4 28.
Bxf5 Nxf5 29. Rxf5 Rd7 30. Rb1 Re7 31. Rbf1 Kg8 32. Qf2 Qd7 33. Qh4 Qe6 34. Rh5
Kf8 35. Rf6 1-0

[Event "GBR-ch86"]
[Site "Scarborough"]
[Date "1999.08.11"]
[Round "9.28"]
[White "Stephenson, F Norman"]
[Black "Ledger, Andrew"]
[Result "1/2-1/2"]
[WhiteElo "2212"]
[BlackElo "2431"]
[PlyCount "40"]
[EventDate "1999.08.02"]
[EventType "swiss"]
[EventRounds "11"]
[EventCountry "GBR"]

1. e4 c6 2. d4 d5 3. Nd2 dxe4 4. Nxe4 Nd7 5. Nf3 Ngf6 6. Nxf6+ Nxf6 7. c3 Bg4
8. h3 Bh5 9. g4 Bg6 10. Ne5 Nd7 11. Nxg6 hxg6 12. d5 Rc8 13. dxc6 Rxc6 14. Be3
Rd6 15. Qf3 Qb8 16. Bg2 b6 17. O-O e5 18. Rfd1 Rxd1+ 19. Rxd1 Bd6 20. Bf1 Nf6
1/2-1/2

[Event "GBR-ch86"]
[Site "Scarborough"]
[Date "1999.08.11"]
[Round "9.30"]
[White "Rayner, Francis"]
[Black "Walker, David"]
[Result "1/2-1/2"]
[WhiteElo "2218"]
[BlackElo "2280"]
[PlyCount "96"]
[EventDate "1999.08.02"]
[EventType "swiss"]
[EventRounds "11"]
[EventCountry "GBR"]

1. Nf3 g6 2. e4 Bg7 3. d4 d6 4. Bc4 Nf6 5. Qe2 O-O 6. O-O Nc6 7. e5 Ne8 8. h3
Kh8 9. c3 f6 10. exf6 exf6 11. Re1 d5 12. Bb3 Bf5 13. Nbd2 Na5 14. Nh4 Nxb3 15.
Nxb3 Bd7 16. Nc5 Nd6 17. Qe7 Rf7 18. Qxd8+ Rxd8 19. Bf4 Bc8 20. Bxd6 Rxd6 21.
Re8+ Rf8 22. Rae1 Rd8 23. R8e7 b6 24. Ne6 Bxe6 25. R1xe6 Rc8 26. Rc6 Kg8 27.
Rcxc7 Rxc7 28. Rxc7 Rf7 29. Rc8+ Bf8 30. Rd8 Rc7 31. g3 Kf7 32. Rxd5 Be7 33.
Ng2 a6 34. Kf1 Ke6 35. Ne3 Bd6 36. Ke2 Kd7 37. Kd3 Kc6 38. c4 Re7 39. a3 b5 40.
b3 Re8 41. a4 bxc4+ 42. bxc4 Re7 43. g4 Rb7 44. Kc2 Rb4 45. Ra5 Kb6 46. Rd5 Kc6
47. Ra5 Kb6 48. Rd5 Kc6 1/2-1/2

[Event "GBR-ch86"]
[Site "Scarborough"]
[Date "1999.08.11"]
[Round "9.31"]
[White "Churm, Rohan"]
[Black "Devereaux, Max"]
[Result "1-0"]
[WhiteElo "2168"]
[BlackElo "2265"]
[PlyCount "177"]
[EventDate "1999.08.02"]
[EventType "swiss"]
[EventRounds "11"]
[EventCountry "GBR"]

1. d4 Nf6 2. Nf3 e6 3. Bg5 c5 4. c3 h6 5. Bxf6 Qxf6 6. e4 cxd4 7. cxd4 Bb4+ 8.
Nc3 Bxc3+ 9. bxc3 b6 10. Bd3 Bb7 11. O-O O-O 12. c4 d6 13. Rc1 Nd7 14. Bb1 Qe7
15. Qe2 e5 16. Rfd1 Rac8 17. Qb2 Rfe8 18. Nd2 exd4 19. f3 Ne5 20. Qxd4 Qc7 21.
Nf1 Qc5 22. Ne3 Rcd8 23. Bc2 Bc6 24. Rd2 g6 25. Rcd1 Qa3 26. Bb3 Bb7 27. Nc2
Qa6 28. Qe3 Nxc4 29. Qxh6 b5 30. Rd4 Qb6 31. h4 d5 32. exd5 Rxd5 33. Kh1 Rxd4
34. Rxd4 Re1+ 35. Kh2 Qc7+ 36. Qf4 Qxf4+ 37. Rxf4 Re2 38. Nd4 Rb2 39. Nxb5 Nd2
40. Bxf7+ Kg7 41. Nd4 Nf1+ 42. Kh3 Ne3 43. Ne6+ Kh7 44. Ng5+ Kg7 45. Be6 Nf5
46. Bxf5 gxf5 47. Ra4 a6 48. Ne6+ Kh6 49. Nc5 Bc8 50. Kg3 Rb6 51. Kf4 Rc6 52.
Ra5 Kh5 53. g3 Rb6 54. Ke5 Rc6 55. Kf4 Rb6 56. Nb3 Rb4+ 57. Ke3 Kg6 58. Nd4 Rc4
59. Rd5 Ra4 60. Rd6+ Kf7 61. Rc6 Bd7 62. Rc7 Ke8 63. Rc2 Kf7 64. Rd2 Kf6 65.
Kf4 Be6 66. a3 Rxa3 67. Nxe6 Kxe6 68. Rb2 Ra4+ 69. Kg5 Ra3 70. Re2+ Kf7 71.
Kxf5 Rxf3+ 72. Kg4 Rf6 73. Re5 Rb6 74. Kf4 Kf6 75. Rf5+ Kg6 76. h5+ Kh6 77. g4
Rb4+ 78. Kg3 Ra4 79. Rf6+ Kg7 80. Rb6 a5 81. Kh4 Rb4 82. Ra6 a4 83. h6+ Kf7 84.
Kh5 Rc4 85. Ra7+ Kg8 86. g5 Rb4 87. h7+ Kh8 88. Kh6 Rb6+ 89. g6 1-0

[Event "GBR-ch86"]
[Site "Scarborough"]
[Date "1999.08.11"]
[Round "9.32"]
[White "Bisby, Daniel"]
[Black "Greet, Andrew"]
[Result "1/2-1/2"]
[WhiteElo "2252"]
[BlackElo "2215"]
[PlyCount "77"]
[EventDate "1999.08.02"]
[EventType "swiss"]
[EventRounds "11"]
[EventCountry "GBR"]

1. e4 c5 2. Nf3 d6 3. c3 Nf6 4. Be2 Nbd7 5. d3 b6 6. Nbd2 Bb7 7. O-O g6 8. d4
cxd4 9. cxd4 Nxe4 10. Nxe4 Bxe4 11. Ng5 Bd5 12. Bf3 Bxf3 13. Qxf3 Nf6 14. Qc6+
Nd7 15. Qf3 Nf6 16. Qc6+ Nd7 17. Qd5 e6 18. Nxe6 fxe6 19. Qxe6+ Qe7 20. Qd5 Rc8
21. Bg5 Nf6 22. Qf3 Kf7 23. Rfe1 Qd8 24. Bxf6 Qxf6 25. Qd5+ Kg7 26. Qb7+ Be7
27. Rxe7+ Kh6 28. Qe4 Rhf8 29. Rf1 Qf4 30. Qe2 Qxd4 31. Rd1 Qf6 32. g3 Rf7 33.
Qe3+ Kg7 34. Rxf7+ Kxf7 35. Qd3 Re8 36. Rd2 Re6 37. Qd5 Kg7 38. Rc2 Re7 39. Rd2
1/2-1/2

[Event "GBR-ch86"]
[Site "Scarborough"]
[Date "1999.08.11"]
[Round "9.33"]
[White "Jackson, Oliver"]
[Black "Thiruchelvam, Murugan"]
[Result "1/2-1/2"]
[WhiteElo "2242"]
[BlackElo "2088"]
[PlyCount "60"]
[EventDate "1999.08.02"]
[EventType "swiss"]
[EventRounds "11"]
[EventCountry "GBR"]

1. e4 c6 2. d4 d5 3. Nc3 dxe4 4. Nxe4 Bf5 5. Ng3 Bg6 6. h4 h6 7. N1e2 Nf6 8.
Nf4 Bh7 9. Bc4 e6 10. c3 Bd6 11. Nfh5 O-O 12. Bg5 Be7 13. Bxf6 Bxf6 14. Qf3 Nd7
15. Ne4 b5 16. Bd3 Rc8 17. g4 Bxh4 18. Qh3 Bxe4 19. Bxe4 Nf6 20. Nxf6+ Bxf6 21.
f4 c5 22. O-O-O cxd4 23. g5 Bxg5 24. fxg5 Qxg5+ 25. Kb1 dxc3 26. Rdg1 Qf4 27.
Rg4 Qd2 28. Rg2 Qf4 29. Rg4 Qd2 30. Rg2 Qf4 1/2-1/2

[Event "GBR-ch86"]
[Site "Scarborough"]
[Date "1999.08.11"]
[Round "9.34"]
[White "Ledger, Stephen C"]
[Black "Lilley, Graham"]
[Result "1-0"]
[WhiteElo "2162"]
[BlackElo "2235"]
[PlyCount "115"]
[EventDate "1999.08.02"]
[EventType "swiss"]
[EventRounds "11"]
[EventCountry "GBR"]

1. d4 g6 2. Nf3 Bg7 3. Bf4 d6 4. e3 Nd7 5. h3 e5 6. Bh2 Ne7 7. Be2 O-O 8. O-O
e4 9. Nfd2 f5 10. c4 Nf6 11. Nc3 Be6 12. Rc1 c6 13. Qb3 Qd7 14. Qa3 d5 15. b4
g5 16. b5 Ng6 17. bxc6 bxc6 18. cxd5 cxd5 19. Bb5 Qb7 20. Ba6 Qf7 21. Ne2 Ne8
22. f3 Qd7 23. Rb1 f4 24. fxe4 dxe4 25. Nxe4 fxe3 26. Nc5 Qd5 27. Bb7 Qxa2 28.
Qxa2 Bxa2 29. Bxa8 Bxb1 30. Bd5+ Kh8 31. Rxb1 Nf6 32. Bf3 Nh4 33. Ne6 Nxf3+ 34.
gxf3 Ra8 35. Nxg7 Kxg7 36. Be5 Kg6 37. Rb3 Nd5 38. Kg2 Rc8 39. Rb2 Kf5 40. Ng3+
Ke6 41. Ne2 Kf5 42. Rb5 Ke6 43. f4 gxf4 44. Nxf4+ Nxf4+ 45. Bxf4 Rc2+ 46. Kf3
Rf2+ 47. Kxe3 Ra2 48. Rh5 a5 49. Rxh7 Kd5 50. Rh5+ Kc4 51. d5 Ra3+ 52. Ke4 Rd3
53. d6 Rd4+ 54. Ke3 a4 55. Ra5 Rd3+ 56. Ke4 Rxh3 57. Rxa4+ Kb5 58. Rd4 1-0

[Event "GBR-ch86"]
[Site "Scarborough"]
[Date "1999.08.11"]
[Round "9.35"]
[White "Koneru, Humpy"]
[Black "Berry, Neil"]
[Result "1-0"]
[WhiteElo "2229"]
[BlackElo "2200"]
[PlyCount "55"]
[EventDate "1999.08.02"]
[EventType "swiss"]
[EventRounds "11"]
[EventCountry "GBR"]

1. Nf3 d5 2. b3 Bg4 3. Bb2 Nd7 4. e3 c6 5. Be2 Bxf3 6. Bxf3 e5 7. d3 Ngf6 8.
Nd2 Bd6 9. e4 d4 10. O-O c5 11. a4 O-O 12. g3 b6 13. Bg2 a6 14. f4 b5 15. Bc1
Ne8 16. Bh3 bxa4 17. bxa4 Qc7 18. Nc4 Nb6 19. Nxd6 Qxd6 20. fxe5 Qxe5 21. a5
Nc8 22. Rf5 Qd6 23. Ba3 Qh6 24. Rh5 Qf6 25. Bxc5 g6 26. e5 Qd8 27. Rh4 Ne7 28.
Qd2 1-0

[Event "GBR-ch86"]
[Site "Scarborough"]
[Date "1999.08.11"]
[Round "9.36"]
[White "Thipsay, Bhagyashree"]
[Black "Rudd, Jack"]
[Result "0-1"]
[WhiteElo "2335"]
[BlackElo "2185"]
[PlyCount "100"]
[EventDate "1999.08.02"]
[EventType "swiss"]
[EventRounds "11"]
[EventCountry "GBR"]

1. e4 e5 2. Nf3 Nc6 3. Bb5 Bc5 4. c3 f5 5. d3 Nf6 6. O-O O-O 7. exf5 d6 8. d4
exd4 9. cxd4 Bb6 10. a4 a5 11. Bxc6 bxc6 12. Qc2 Qe8 13. Nbd2 Qh5 14. Qxc6 Bxf5
15. Ra3 Rae8 16. Re3 Rxe3 17. fxe3 Bd3 18. Re1 g5 19. Qc3 Bg6 20. Nf1 g4 21.
N3d2 Nd5 22. Qc4 Qf5 23. Qe2 Nb4 24. Nc4 Ba7 25. Rd1 h5 26. Na3 h4 27. Bd2 Nd3
28. Be1 Nxb2 29. Rc1 Nxa4 30. Bxh4 Rf7 31. Qa6 Bb6 32. Nc4 Qd3 33. Qc8+ Kh7 34.
Nxb6 cxb6 35. Qxg4 Nc3 36. Re1 b5 37. Bg5 Qf5 38. Qh4+ Kg8 39. Bf4 Qf6 40. Qg4
b4 41. Qc8+ Kg7 42. Qc4 Qe7 43. Ra1 d5 44. Qa6 b3 45. Be5+ Kh7 46. Nd2 b2 47.
Re1 Qh4 48. g3 Qh3 49. Bf4 b1=Q 50. Nxb1 Be4 0-1

[Event "GBR-ch86"]
[Site "Scarborough"]
[Date "1999.08.11"]
[Round "9.37"]
[White "Tippleston, Charles"]
[Black "Farndon, David"]
[Result "0-1"]
[WhiteElo "2171"]
[BlackElo "2238"]
[PlyCount "142"]
[EventDate "1999.08.02"]
[EventType "swiss"]
[EventRounds "11"]
[EventCountry "GBR"]

1. e4 c5 2. c3 d5 3. exd5 Qxd5 4. d4 Nf6 5. Nf3 e6 6. Na3 cxd4 7. Nb5 Na6 8.
Nbxd4 Bd7 9. Bxa6 bxa6 10. O-O Be7 11. Re1 O-O 12. Ne5 Rfd8 13. Nxd7 Rxd7 14.
Qe2 Qb7 15. Bg5 Rad8 16. h3 h6 17. Bh4 Qb6 18. Rab1 Rd5 19. Nb3 g5 20. Bg3 R5d7
21. Be5 Qb5 22. Qxb5 axb5 23. Nd4 Nd5 24. Nxb5 f6 25. Bg3 e5 26. c4 a6 27. Nd4
exd4 28. cxd5 Kf7 29. Re6 a5 30. Ra6 Rxd5 31. Bc7 Rc8 32. Bxa5 Bd6 33. Kf1 Rc2
34. Ra7+ Kg6 35. Rd7 d3 36. Bb4 d2 37. Rd1 Rc1 38. Ke2 Re5+ 39. Kxd2 Rxd1+ 40.
Kxd1 Bxb4 41. a4 Re1+ 42. Kc2 Re2+ 43. Kb3 Be1 44. Rd1 Bxf2 45. a5 h5 46. a6 h4
47. Kc3 Bb6 48. Rd6 Bg1 49. b4 Rxg2 50. b5 Rg3+ 51. Kc4 Rxh3 52. Rd1 Bb6 53.
Rd6 Ra3 54. Rxb6 h3 55. Rd6 h2 56. Rd1 g4 57. Kb4 Ra2 58. Kb3 Ra5 59. Kb4 Ra2
60. Kb3 Rd2 61. Ra1 g3 62. a7 Rd8 63. b6 g2 64. b7 g1=Q 65. b8=Q Qxa1 66. Qxd8
h1=Q 67. Qg8+ Kf5 68. Qc8+ Kf4 69. Qb8+ Ke3 70. Qb6+ Qd4 71. Qe6+ Kd2 0-1

[Event "GBR-ch86"]
[Site "Scarborough"]
[Date "1999.08.11"]
[Round "9.38"]
[White "Buckley, Melanie"]
[Black "Jackson, Adrian"]
[Result "0-1"]
[WhiteElo "2075"]
[BlackElo "2223"]
[PlyCount "94"]
[EventDate "1999.08.02"]
[EventType "swiss"]
[EventRounds "11"]
[EventCountry "GBR"]

1. e4 c5 2. Nc3 Nc6 3. g3 g6 4. Bg2 Bg7 5. d3 d6 6. Be3 Nd4 7. Qd2 Qa5 8. f4
Nf6 9. Nf3 Ng4 10. Bg1 O-O 11. h3 Nxf3+ 12. Bxf3 Nf6 13. g4 Rb8 14. Be3 b5 15.
O-O b4 16. Ne2 Qc7 17. c3 bxc3 18. bxc3 Bb7 19. Rab1 Ba8 20. g5 Nd7 21. Bg4 c4
22. Bd4 cxd3 23. Qxd3 Nc5 24. Qc4 Rxb1 25. Rxb1 Bxe4 26. Rd1 Ba8 27. Bxc5 Qc6
28. Kf2 Rb8 29. Rd3 Qg2+ 30. Ke1 dxc5 31. Qxc5 Be4 32. Rg3 Rb1+ 33. Kd2 Rb2+
34. Ke3 Rxe2+ 35. Bxe2 Qxg3+ 36. Kxe4 Qg2+ 37. Bf3 Qc2+ 38. Ke3 Bxc3 39. Qd5
Qc1+ 40. Kd3 e6 41. Qc6 Qd2+ 42. Kc4 Qd4+ 43. Kb3 Bd2 44. f5 Qd3+ 45. Kb2 Qxf5
46. Bg4 Qe5+ 47. Kc2 Be3 0-1

[Event "GBR-ch86"]
[Site "Scarborough"]
[Date "1999.08.11"]
[Round "9.39"]
[White "Cooper, Andrew G"]
[Black "Gokhale, Anupama"]
[Result "0-1"]
[WhiteElo "2151"]
[BlackElo "2181"]
[PlyCount "69"]
[EventDate "1999.08.02"]
[EventType "swiss"]
[EventRounds "11"]
[EventCountry "GBR"]

1. d4 d6 2. c4 e5 3. Nf3 e4 4. Nfd2 f5 5. g3 Nf6 6. Bg2 g6 7. Nc3 c6 8. O-O Bg7
9. b4 O-O 10. Nb3 Na6 11. b5 Nc7 12. e3 Be6 13. bxc6 bxc6 14. Na5 Qd7 15. Ba3
Rac8 16. c5 d5 17. Rb1 g5 18. Qa4 f4 19. exf4 gxf4 20. f3 fxg3 21. Qxc6 Qf7 22.
Qd6 e3 23. Nc6 Nce8 24. Ne7+ Kh8 25. Nxc8 Nxd6 26. Nxd6 gxh2+ 27. Kh1 Qh5 28.
c6 Ne8 29. Nxe8 Rxe8 30. Ne2 Bh3 31. c7 Bxg2+ 32. Kxg2 Rg8 33. Rb8 Bf8+ 34. Kh1
Qh3 35. Rbb1 0-1

[Event "GBR-ch86"]
[Site "Scarborough"]
[Date "1999.08.11"]
[Round "9.40"]
[White "Barton, R Alan"]
[Black "Smith, Andrew Philip"]
[Result "0-1"]
[WhiteElo "2149"]
[BlackElo "2275"]
[PlyCount "60"]
[EventDate "1999.08.02"]
[EventType "swiss"]
[EventRounds "11"]
[EventCountry "GBR"]

1. d4 Nf6 2. Nf3 d6 3. h3 h6 4. c4 g5 5. Nc3 Na6 6. e4 Bg7 7. Be3 g4 8. hxg4
Nxg4 9. Bf4 c5 10. d5 Bxc3+ 11. bxc3 Qa5 12. Qb3 Bd7 13. a4 O-O-O 14. Be2 Kb8
15. e5 Qc7 16. Rb1 Bc8 17. e6 fxe6 18. Qb5 e5 19. Bxe5 dxe5 20. Qxa6 Rd6 21.
Qb5 Rb6 22. Ng5 Rxb5 23. Rxb5 e4 24. Bxg4 Bxg4 25. Nxe4 Qf4 26. f3 Qc1+ 27. Kf2
Qxh1 28. fxg4 Rf8+ 29. Ke3 Qxg2 30. Nxc5 Qf2+ 0-1

[Event "GBR-ch86"]
[Site "Scarborough"]
[Date "1999.08.11"]
[Round "9.41"]
[White "D'Costa, Lorin"]
[Black "Richards, Heather"]
[Result "1-0"]
[WhiteElo "2215"]
[BlackElo "2117"]
[PlyCount "77"]
[EventDate "1999.08.02"]
[EventType "swiss"]
[EventRounds "11"]
[EventCountry "GBR"]

1. e4 e6 2. d4 d5 3. e5 c5 4. c3 Nc6 5. Nf3 Bd7 6. dxc5 Bxc5 7. Bd3 Qc7 8. Bf4
Nge7 9. Bg3 Ng6 10. Qe2 a6 11. Nbd2 b5 12. Nb3 Bb6 13. h4 b4 14. h5 Nge7 15.
O-O bxc3 16. bxc3 f5 17. exf6 Qxg3 18. fxe7 Nxe7 19. Nbd4 Qg4 20. Rae1 Bxd4 21.
Nxd4 Qxe2 22. Rxe2 Rc8 23. Bxa6 Rxc3 24. Nxe6 Bxe6 25. Rxe6 Kf7 26. Rfe1 Rc7
27. Bb5 Ra8 28. a4 d4 29. Rd6 Kf8 30. Rxd4 Rca7 31. Rf4+ Kg8 32. Bc4+ Kh8 33.
Rf7 Nc6 34. Rxa7 Nxa7 35. a5 h6 36. a6 Rc8 37. Bd5 Nb5 38. Re7 Nc7 39. Bb7 1-0

[Event "GBR-ch86"]
[Site "Scarborough"]
[Date "1999.08.11"]
[Round "9.42"]
[White "Buckley, David"]
[Black "McMahon, Paul"]
[Result "0-1"]
[WhiteElo "2163"]
[BlackElo "2030"]
[PlyCount "84"]
[EventDate "1999.08.02"]
[EventType "swiss"]
[EventRounds "11"]
[EventCountry "GBR"]

1. e4 e5 2. f4 exf4 3. Nf3 d5 4. exd5 Nf6 5. Bb5+ Bd7 6. Bxd7+ Nbxd7 7. Qe2+
Qe7 8. Qxe7+ Bxe7 9. c4 Nc5 10. Ke2 O-O-O 11. d4 Nce4 12. Bxf4 Nh5 13. Be5 f6
14. g4 fxe5 15. gxh5 exd4 16. Nbd2 Nxd2 17. Kxd2 Rhf8 18. Rhf1 c6 19. dxc6 bxc6
20. Ne5 c5 21. Kd3 Kc7 22. b3 Rxf1 23. Rxf1 Bf6 24. Ng4 Rf8 25. h6 Kd6 26. Rf5
Re8 27. Nxf6 Re3+ 28. Kd2 gxf6 29. Rxf6+ Re6 30. Rxe6+ Kxe6 31. Kd3 a5 32. a3
Ke5 33. h3 a4 34. Kc2 axb3+ 35. Kxb3 Ke4 36. Kc2 Ke3 37. Kd1 Kd3 38. Kc1 Kxc4
39. Kc2 Kb5 40. Kb3 c4+ 41. Kb2 Ka4 42. Ka2 c3 0-1

[Event "GBR-ch86"]
[Site "Scarborough"]
[Date "1999.08.11"]
[Round "9.43"]
[White "McDonnell, James"]
[Black "Harris, Costas"]
[Result "0-1"]
[WhiteElo "2051"]
[BlackElo "2065"]
[PlyCount "56"]
[EventDate "1999.08.02"]
[EventType "swiss"]
[EventRounds "11"]
[EventCountry "GBR"]

1. e4 e6 2. d4 d5 3. Nd2 Nf6 4. e5 Nfd7 5. Bd3 c5 6. c3 Nc6 7. Ne2 Qb6 8. Nf3
cxd4 9. cxd4 f6 10. exf6 Nxf6 11. O-O Bd6 12. Nc3 O-O 13. a3 e5 14. dxe5 Nxe5
15. Nxe5 Bxe5 16. Nxd5 Nxd5 17. Bxh7+ Kxh7 18. Qh5+ Kg8 19. Qxe5 Nf6 20. b4 Bd7
21. Bb2 Rae8 22. Qg5 Bb5 23. Rfe1 Qxf2+ 24. Kxf2 Ne4+ 25. Kg1 Nxg5 26. Red1 Re2
27. Rd5 Rxg2+ 28. Kxg2 Bc6 0-1

[Event "GBR-ch86"]
[Site "Scarborough"]
[Date "1999.08.11"]
[Round "9.44"]
[White "Clarke, Thomas"]
[Black "Dempsey, Paul"]
[Result "0-1"]
[WhiteElo "2204"]
[BlackElo "2168"]
[PlyCount "62"]
[EventDate "1999.08.02"]
[EventType "swiss"]
[EventRounds "11"]
[EventCountry "GBR"]

1. d4 d5 2. Bg5 c6 3. Nf3 Bf5 4. e3 Nd7 5. Be2 Ngf6 6. h3 e6 7. O-O Bd6 8. c4
dxc4 9. Bxc4 Qc7 10. Nc3 O-O 11. Rc1 h6 12. Bh4 g5 13. Nb5 cxb5 14. Bxe6 Bxe6
15. Rxc7 Bxc7 16. Bg3 Bxg3 17. fxg3 Bc4 18. Re1 Rfe8 19. b3 Bd5 20. Qd3 a6 21.
a4 bxa4 22. bxa4 Rac8 23. h4 g4 24. Nd2 Ne4 25. Qe2 Ndf6 26. Nf1 Rc4 27. Ra1
Rec8 28. Qb2 R8c7 29. Qb6 Kg7 30. Rb1 Nc3 31. Rb2 Nxa4 0-1